Central Library OPAC University of Rajshahi

The letters of Samuel Johnson : with Mrs. Thrale's genuine letters to him / (Record no. 20516)

MARC details
000 -LEADER
fixed length control field 01079nam a2200301 a 4500
001 - CONTROL NUMBER
control field 20516
003 - CONTROL NUMBER IDENTIFIER
rucl marc code BD-RjUL
005 - DATE AND TIME OF LATEST TRANSACTION
control field 20211209000556.0
008 - FIXED-LENGTH DATA ELEMENTS--GENERAL INFORMATION
fixed length control field 140301t1952 enkh 000 0beng
020 ## - INTERNATIONAL STANDARD BOOK NUMBER
International Standard Book Number 0198185383 (v. 3)
035 ## - SYSTEM CONTROL NUMBER
System control number (BD-RjUL)20578
040 ## - CATALOGING SOURCE
Original cataloging agency DLC
Transcribing agency ORL
Modifying agency m.c
-- OCL
-- BD-RjUL
-- EQO
Language of cataloging eng
041 ## - LANGUAGE CODE
Language code of text/sound track or separate title eng
082 00 - DEWEY DECIMAL CLASSIFICATION NUMBER
Classification number 928.2
Author mark and year JOL 1952
099 ## - LOCAL FREE-TEXT CALL NUMBER (OCLC)
Bangla Class number L50.6[Let]
100 1# - MAIN ENTRY--PERSONAL NAME
Personal name Johnson, Samuel,
Dates associated with a name 1709-1784.
9 (RLIN) 55319
245 14 - TITLE STATEMENT
Title The letters of Samuel Johnson : with Mrs. Thrale's genuine letters to him /
Statement of responsibility, etc. collected & edited by R.W. Chapman.
Number of part/section of a work Volume -III :
Name of part/section of a work 1783-1784
260 ## - PUBLICATION, DISTRIBUTION, ETC. (IMPRINT)
Place of publication, distribution, etc. Oxford :
Name of publisher, distributor, etc. Clarendon Press,
Date of publication, distribution, etc. 1952.
300 ## - PHYSICAL DESCRIPTION
Pagination V-3 (477 p.) :
Illustrations facsims. (some folded) ;
Size 23 cm.
505 0# - FORMATTED CONTENTS NOTE
Formatted contents note v. 1. 1719-1774 -- v. 2. 1775-1782 -- v. 3. 1783-1784.
650 1# - SUBJECT ADDED ENTRY--TOPICAL TERM
Topical term or geographic name as entry element Johnson, Samuel, -- 1709-1784. -- Correspondence.
9 (RLIN) 63281
700 1# - ADDED ENTRY--PERSONAL NAME
Personal name Chapman, R. W.
Fuller form of name (Robert William),
Dates associated with a name 1881-1960.
Personal name Piozzi, Hester Lynch,
Dates associated with a name 1741-1821.
942 ## - ADDED ENTRY ELEMENTS (KOHA)
Source of classification or shelving scheme Dewey Decimal Classification
Koha item type Books
Holdings
Lost status Source of classification or shelving scheme Damaged status Not for loan Collection code Permanent Location Current Location Shelving location Date acquired Source of acquisition Cost, normal purchase price Total Checkouts Full call number Date last seen Copy number Koha item type
  Dewey Decimal Classification   Added to bundle Non-fiction Central Library, University of Rajshahi Central Library, University of Rajshahi Reading Room 08/08/1955 O.U.P. 63.00   928.2 JOL V-3 1952 01/03/2014 C-1 Books
  Dewey Decimal Classification     Non-fiction Central Library, University of Rajshahi Central Library, University of Rajshahi   04/03/1955 N/A 0.00   928.2 JOL V-3 1952 26/04/2015 C-2 Books